000 00705nam a2200205 a 4500
001 000010631
005 20240412074220.0
008 091008s1992 dr a 001 p spa d
040 _aDO-SdBNP
_bspa
_cBNPHU
082 _aRD861.44
_bO64n
100 1 _aOrbe Martínez, Antonio del
_925721
245 1 0 _aNuncajamás /
_cAntonio del Orbe ; prólogo Damián Barceló.
260 _aSanto Domingo :
_bLitografía Industrial Dominicana,
_c1992.
300 _axvii, 154 p. :
_bil., retrs. ;
_c22 cm.
590 _aInventariado, 2018/LP
650 0 _aPoesía dominicana
_966
650 0 _aLiteratura dominicana.
_967
700 1 _aBarceló, Damián,
_epról.
_925722
910 _aValidado. Control de calidad BNPHU
999 _c10389
_d10389